00861cam a2200181 a 4500008004100000020002200041245026700063260003800330300003400368440008800402504004100490650004800531700002200579710005100601003000100652005001700653040000900670  a0198536135 (hbk.)00aMathematics in signal processing :bbased on the proceedings of a conference organized by the Institute of Mathematics and Its Applications on mathematics in signal processing, held at University of Bath, in September 1985 /cedited by T.S. Durrani ... [et al.]. aOxford :bClarendon Press,c1987. axvi, 677 p. :bill. ;c24 cm. 4aThe Institute of Mathematics and Its Applications conference series ;vnew ser., 12 aIncludes bibliographical references. 0aSignal processingxMathematicsvCongresses.1 aDurrani, Tariq S.2 aInstitute of Mathematics and Its Applications.20230123134103.0 cNUST